000 00521nam a22001217a 4500
999 _c10059
_d10059
003 OSt
008 201218b ||||| |||| 00| 0 eng d
245 _aIETE Journal of Education
250 _a2014(Jan-Jun Vol.55 No.1, Jul-Dec Vol.55 No.2) 2015(Jan-Jun Vol.56 No.1) 2016(Jan-Jun Vol.57 No.1, Jul-Dec Vol.57 No.2) 2018(Jan-Jun Vol.59 No.1, Jul-Dec Vol.59 No.2)
260 _aNew Delhi
_bThe Institution of Electronics and Telecommunication Engineers
650 _aElectronics and Communication Engineering
942 _2ddc
_cBV